| 000 | 01603nam0a2200385 4500 | ||
|---|---|---|---|
| 001 | RU\NLR\bibl\1722316 | ||
| 005 | 20250616072621.0 | ||
| 010 |
_a978-5-9533-5068-6 _93000 |
||
| 021 |
_aRU _b2010-96754 _96527 |
||
| 035 | _a(NLR Aleph) 001713302 | ||
| 090 |
_a1293763 _c1293763 |
||
| 100 | _a20110113d2010 |||y0rusy50 ca | ||
| 101 | 0 | _arus | |
| 102 | _aRU | ||
| 105 | _aa ||||||||| | ||
| 200 | 1 |
_aХивинские походы русской армии _fМ.А. Терентьев |
|
| 210 |
_aМосква _cВече _d2010 |
||
| 215 |
_a446, [1] с., [8] л. ил., карт., портр. _d21 |
||
| 225 | 1 | _aОгнем и мечом | |
| 300 | _aНа обл. авт.: М. Терентьев - ген.-лейт., воен. историк, лингвист, юрист | ||
| 311 | _aЭта книга - часть капитального труда "История завоевания Средней Азии" | ||
| 488 | 0 |
_12001#$aИстория завоевания Средней Азии _tИстория завоевания Средней Азии |
|
| 606 | 1 |
_aХивинский поход _z1839 - 1840 _92539503 _3RU\NLR\auth\661503566 |
|
| 606 | 1 |
_aХивинский поход _z1873 _92614678 _3RU\NLR\auth\661551236 |
|
| 686 | _aЦ35(2)472.3 | ||
| 686 | _aЦ35(2)511.2 | ||
| 686 | _aТ3(2)472-68 | ||
| 686 | _aТ3(2)51-691.3 | ||
| 700 | 1 |
_aТерентьев _bМ. А. _gМихаил Африканович _4070 |
|
| 801 | 0 |
_aRU _bNLR _c20110113 _gRCR |
|
| 801 | 1 |
_aRU _bNLR _c20110113 |
|
| 830 | _aавт. по кн. | ||
| 942 | _cBOOK | ||
| 980 | _aNB | ||